Φορτώνει......

RECENT ADVANCES IN ANALYTICAL CHEMISTRY: IORGANIC CHEMISTRY

Λεπτομέρειες βιβλιογραφικής εγγραφής
Μορφή: Printed Book
Έκδοση: LONDON J & A CHURCHHILL 1931
Θέματα:
LEADER 00575nam a2200181 4500
020
082 |a 543 MIT 
100
245 |a RECENT ADVANCES IN ANALYTICAL CHEMISTRY: IORGANIC CHEMISTRY  |h ENGLISH 
250
260 |a LONDON  |b J & A CHURCHHILL  |c 1931 
300 |a 421  |f HB 
500 |a   
590 |d   
650 |a RECENT ADVANCES IN ANALYTICAL CHEMISTRY-- IORGANIC CHEMISTRY 
942 |c BK 
999 |c 120580  |d 120580 
952 |0 0  |1 0  |4 0  |6 543_000000000000000_MIT  |7 0  |9 134043  |a CHE  |b CHE  |l 0  |o 543 MIT  |p CHE1889  |r 2019-10-15  |w 2019-10-15  |y BK